Medición de propiedades ópticas de polímeros sometidos a flujo extensional. /

Guardado en:
Otros Autores: Ross, Francisco Fernando. (Disertante)
Formato: Manuscrito
Idioma:Spanish
Publicado: 2006.
Materias:
Etiquetas: Agregar Etiqueta
Sin Etiquetas, Sea el primero en etiquetar este registro!
LEADER 01150ntm a22002775a 4500
001 EIQ.libpla003191
008 071102s2006####at#a#####bm###000#0#spa#d
005 20071102192450.0
245 1 0 |a Medición de propiedades ópticas de polímeros sometidos a flujo extensional. /  |c Francisco Fernando Ross. 
260 |c 2006. 
300 |a viii, 119 p. :  |b il., tablas, figuras ;  |c 21 cm. 
502 |a Tesis (M.A.)--Universidad Nacional del Sur. Departamento de Ingeniería Química, 2006. 
500 |a Director de tesis: Dr. Lidia María Quinzani. 
504 |a Incluye referencias bibliográficas. 
100 1 |a Ross, Francisco Fernando.  |4 dis 
710 2 |a Universidad Nacional del Sur.  |b Departamento de Ingeniería Química  |4 dgg. 
650 4 |a Polímeros  |x Tesis. 
650 4 |a Polímeros  |x Poliestireno. 
650 4 |a Polímeros  |x Propiedades ópticas. 
650 4 |a Polímeros  |x Mecánica de fluídos. 
650 4 |a Polymers  |x Thesis. 
650 4 |a Polymers  |x Fluid mechanics. 
650 4 |a Polymers  |x Polystyrene. 
650 4 |a Polymers  |x Optical properties. 
040 |a AR-BbSID  |b spa  |c AR-BbSID 
859 |a AR-BbSID  |b BIB. PLAPIQUI  |h 620.192 042 95  |i R 738  |p 6035